Catalog

Record Details

Catalog Search



Jenseits bürgerlicher Religion : Reden über die Zukunft des Christentums  Cover Image Book Book

Jenseits bürgerlicher Religion : Reden über die Zukunft des Christentums / Johann Baptist Metz

Record details

  • ISBN: 3-459-01307-9 (Kaiser : brož.)
  • ISBN: 3-7867-0826-6 (Grünewald : brož.)
  • Physical Description: 147 s. ; 19 cm
  • Edition: 3. Aufl.
  • Publisher: München ; Chr. Kaiser : 1981
Subject: Etika politická
Teologie morální
Teologie politická
Genre: monografie

Available copies

  • 1 of 1 copy available at Common Catalog SPOK.

Holds

  • 0 current holds with 1 total copy.
Show Only Available Copies
Location Call Number / Copy Notes Barcode Shelving Location Status Due Date
Jabok Library FL-3/Me 424480032963 Odborná literatura Available -

LDR 01047nam a2200301ua 4500
00118791
003CZ-PrJAB
00520140902150940.0
007ta
008980626s1981 gw e u||| | ger
020 . ‡a3-459-01307-9 (Kaiser : brož.)
020 . ‡a3-7867-0826-6 (Grünewald : brož.)
035 . ‡a(CZ PrSKC)000115993
040 . ‡aCBD005 ‡bcze
072 7. ‡a27-4 ‡xPraktická teologie. Morální teologie ‡2Konspekt ‡95
1001 . ‡aMetz, Johann Baptist ‡4aut
24510. ‡aJenseits bürgerlicher Religion : ‡bReden über die Zukunft des Christentums / ‡cJohann Baptist Metz
250 . ‡a3. Aufl.
260 . ‡aMünchen ; ‡aMainz : ‡bChr. Kaiser : ‡bMatthias Grünewald, ‡c1981
300 . ‡a147 s. ; ‡c19 cm
4901 . ‡aGesellschaft und Theologie. Forum Politische Theologie ; ‡vNr. 1
65004. ‡aEtika politická
65004. ‡aTeologie morální
65004. ‡aTeologie politická
655 7. ‡amonografie ‡7fd132842 ‡2czenas
830 0. ‡aGesellschaft und Theologie. ‡pForum Politische Theologie ; ‡vNr. 1
910 . ‡aABG312
901 . ‡a18791 ‡b ‡c18791 ‡tbiblio

Additional Resources